الاعلام التطبيقى واستخداماتة فى تطوير الارادة / (Record no. 44295)
[ view plain ]
| 000 -الفاتح | |
|---|---|
| حقل البيانات ثابتة الطول | 00607nam a2200181Ia 4500 |
| 008 - عناصر البيانات ثابتة الطول - معلومات عامة | |
| حقل البيانات ثابتة الطول | 140319s9999 xx 000 0 ara d |
| 040 ## - مصدر الفهرسة | |
| وكالة الفهرسة الأصلية | GCL / |
| وكالة النسخ | GCL |
| 082 04 - رقم تصنيف ديوى العشرى | |
| رقم التصنيف | 001.501 |
| رقم المادة | ب ا |
| 100 1# - المدخل الرئيسى - إسم شخصى | |
| الإسم الشخصى | ابراهيم سلامة ابراهيم |
| 245 10 - بيان العنوان | |
| العنوان | الاعلام التطبيقى واستخداماتة فى تطوير الارادة / |
| بيان المسئوليه,etc | ابراهيم سلامة ابراهيم |
| 700 1# - المدخل الاضافى - اسم شخصى | |
| الإسم الشخصى | برجية، فرانسيس ج |
| 300 ## - الوصف المادى | |
| التعداد | 210 ص |
| 490 ## - بيان السلسلة | |
| عنوان السلسلة | الالف كتاب الثانى |
| رقم المجلد/ التعيين التسلسلي | 0 |
| 650 04 - المدخل الاضافى بالموضوع-مصطلح موضوعى | |
| مصطلح موضوعي | الاعلام |
| 650 04 - المدخل الاضافى بالموضوع-مصطلح موضوعى | |
| مصطلح موضوعي | فلسفة ونظريات |
| 942 ## - عناصر المدخل الإضافي( كوها) | |
| مصدر التصنيف او مخطط الترفيف | Dewey Decimal Classification |
| Koha [default] item type | كتاب |
| حالة التراجع | حالة الفقد | حالة تلف | ليس للاعارة | المكان المؤقت | الموقع الحالى | تاريخ الاكتساب | اجمالي اﻻعارات | رقم الطلب | الباركود | تاريخ اخر مشاهدة | تاريخ تفعيل السعر | نوع وعاء كوها |
|---|---|---|---|---|---|---|---|---|---|---|---|---|
| مكتبة القاهرة الكبرى | مكتبة القاهرة الكبرى | 03/26/2014 | 001.501\ب ا | 107962 | 03/26/2014 | 03/26/2014 | كتاب | |||||
| مكتبة القاهرة الكبرى | مكتبة القاهرة الكبرى | 03/26/2014 | 001.501\ب ا | 107963 | 03/26/2014 | 03/26/2014 | كتاب | |||||
| مكتبة القاهرة الكبرى | مكتبة القاهرة الكبرى | 03/26/2014 | 001.501\ب ا | 107964 | 03/26/2014 | 03/26/2014 | كتاب |

